| 000 | 00349nam a2200133Ia 4500 | ||
|---|---|---|---|
| 008 | 100328s9999 xx 000 0 und d | ||
| 082 | _b1462 | ||
| 100 | _aHuxely Julian | ||
| 245 | _aOn Living In A Revolution | ||
| 260 | _bThe Scientific Book Club | ||
| 630 | _aOn Living In A Revolution | ||
| 730 | _aOn Living In A Revolution | ||
| 942 | _cBOOK | ||
| 999 |
_c497736 _d497733 |
||